000 01748nam a2200241Ia 4500
008 260220t2005||||xx |||||||||||||| ||spa||
040 _aPY-SlUNAC
_bspa
_erda
041 _aspa
082 _a516.24
_bT734t
245 0 _aTrigonometría números complexos
250 _aTercera edición
264 _aRío de Janeiro :
_bSociedade Brasileira de Matemática,
_c℗2005.
300 _a1 volumen
520 _aEl libro "Trigonometría de Números Complejos", publicado por la Sociedade Brasileira de Matemática en 2005, aborda de manera sistemática y rigurosa la intersección entre la trigonometría y los números complejos. A lo largo de sus capítulos, se exploran conceptos fundamentales como el círculo unitario, la representación polar de los números complejos y las funciones trigonométricas extendidas a este ámbito. El autor proporciona una serie de ejemplos prácticos y ejercicios que ilustran la aplicabilidad de estos conceptos en diversas áreas de la matemática. Además, se analizan las implicaciones de la trigonometría de números complejos en la resolución de ecuaciones polinómicas y en la teoría de Fourier, destacando su relevancia en la ingeniería y la física. Este texto se convierte en una herramienta valiosa tanto para estudiantes como para profesionales que buscan profundizar su comprensión de la trigonometría en el contexto de los números complejos, facilitando un enfoque integral hacia el estudio de estas disciplinas matemáticas.
653 _aMatemáticas
653 _aNúmeros complejos
653 _aTrigonometría
942 _b2026/02/17
_cBK
999 _c7606
_d7606